000
nam a22 7a 4500
999
_c
43841
_d
43841
003
OSt
005
20180227123850.0
008
180227b xxu||||| |||| 00| 0 eng d
040
_c
sero soft
100
_a
DIWAN ,PARAS
245
_a
MODERN HINDU LAW
260
_a
ALLAHABAD
_b
ALA
300
_a
640
942
_2
ddc
_c
02